[Event "BC op"]
[Site "Richmond"]
[Date "2020.02.15"]
[Round "1.1"]
[White "Morozov, Grigorii"]
[Black "Zheng, Victor"]
[Result "1-0"]
[WhiteElo "2423"]
[BlackElo "1950"]
[PlyCount "111"]
[EventDate "2020.02.15"]
[EventType "swiss"]
[EventCountry "CAN"]

1. d4 Nf6 2. c4 g6 3. Nc3 Bg7 4. e4 d6 5. Nf3 O-O 6. Be2 e5 7. dxe5 dxe5 8.
Qxd8 Rxd8 9. Bg5 c6 10. Nxe5 Re8 11. O-O-O Na6 12. f3 Rxe5 13. Rd8+ Ne8 14. f4
Re6 15. Bg4 Nac7 16. Bxe6 Bxe6 17. Rhd1 Rxd8 18. Rxd8 Bxc3 19. bxc3 Bxc4 20. f5
gxf5 21. exf5 Kg7 22. Rc8 f6 23. Bf4 Nd5 24. Rxe8 Nxf4 25. Re7+ Kh6 26. Rxb7
Bxa2 27. Rxa7 Bd5 28. g3 Nd3+ 29. Kd2 Ne5 30. Ke3 Kg5 31. Rxh7 Kxf5 32. h3 Kg6
{Draw offered.} 33. Rh8 Kg7 34. Rb8 Kg6 35. Rd8 Bg2 36. Rh8 Kg7 37. Rh4 Bd5 38.
Kf2 Kg6 39. Rd4 Kf5 40. g4+ Kg6 41. Kg3 Kh6 42. Kf4 Kg6 43. h4 Kg7 44. h5 Nc4
45. Rd1 Ne5 46. Ra1 Bf7 47. Kf5 Nf3 48. h6+ Kh8 49. Kxf6 Bg8 50. g5 Nh2 51. Ra4
Kh7 52. g6+ Kh8 53. h7 Ng4+ 54. Rxg4 Bd5 55. g7+ Kxh7 56. g8=Q+ 1-0

[Event "BC op"]
[Site "Richmond"]
[Date "2020.02.15"]
[Round "1.3"]
[White "Sohal, Tanraj S."]
[Black "Jiang, Kate"]
[Result "1-0"]
[WhiteElo "2339"]
[BlackElo "1931"]
[PlyCount "123"]
[EventDate "2020.02.15"]
[EventType "swiss"]
[EventCountry "CAN"]

1. d4 d5 2. c4 c6 3. cxd5 cxd5 4. Bf4 Nf6 5. Nc3 Nc6 6. e3 Bf5 7. Qb3 Qd7 8.
Nf3 Na5 9. Qa3 Nc6 10. Ne5 Qd8 11. Bb5 Bd7 12. O-O a6 13. Bxc6 Bxc6 14. Nxc6
bxc6 15. Qb3 e6 16. Na4 Ne4 17. Qb7 Qc8 18. Qxc8+ Rxc8 19. Nb6 Rd8 20. Bc7 Bd6
21. Bxd8 Kxd8 22. Rac1 Kc7 23. Na4 Rc8 24. Rc2 Kb7 25. f3 Nf6 26. Nc5+ Ka7 27.
Rfc1 Bxc5 28. Rxc5 Kb6 29. R5c3 Nd7 30. Kf2 a5 31. b3 f6 32. e4 Nb8 33. exd5
exd5 34. Re1 Rc7 35. Rce3 Rd7 36. Re7 Kc7 37. Rxd7+ Kxd7 38. Ke3 Na6 39. a3 Nc7
40. Rb1 Nb5 41. a4 Nd6 42. Kd3 Nb7 43. b4 Kc7 44. Kc3 g6 45. Re1 Kd6 46. Re8
Kc7 47. Re7+ Kb6 48. bxa5+ Nxa5 49. Rxh7 Nc4 50. Rh6 Ka5 51. Rxg6 Kxa4 52. Rxf6
Ne3 53. h4 Nxg2 54. h5 Ne3 55. h6 Nd1+ 56. Kd2 Nb2 57. h7 Kb5 58. h8=Q Kc4 59.
Rxc6+ Kb3 60. Rb6+ Kc4 61. Qc8+ Kxd4 62. Qc3# 1-0

[Event "BC op"]
[Site "Richmond"]
[Date "2020.02.15"]
[Round "1.4"]
[White "Cheng, Louis"]
[Black "Sali, Zulfikar"]
[Result "1/2-1/2"]
[WhiteElo "1921"]
[BlackElo "2327"]
[PlyCount "105"]
[EventDate "2020.02.15"]
[EventType "swiss"]
[EventCountry "CAN"]

1. e4 d5 2. exd5 Qxd5 3. Nc3 Qd8 4. Nf3 g6 5. d4 Nh6 6. Bf4 Bg7 7. Qd2 Nf5 8.
O-O-O O-O 9. g4 Nd6 10. Rg1 Nd7 11. Bh6 Nf6 12. Bxg7 Kxg7 13. Ne5 c6 14. f3 Be6
15. a3 Rc8 16. h4 Nd5 17. h5 f6 18. hxg6 fxe5 19. Rh1 hxg6 20. Qh6+ Kf7 21. Bd3
Rg8 22. dxe5 Nxc3 23. bxc3 Qa5 24. Qf4+ Ke8 25. exd6 Qxa3+ 26. Kd2 Qxd6 27.
Qxd6 exd6 28. Rh7 Bf7 29. f4 Rc7 30. g5 Re7 31. Ra1 a6 32. Rah1 d5 33. R1h6 a5
34. Rh8 Rxh8 35. Rxh8+ Kd7 36. Ra8 b6 37. f5 gxf5 38. Bxf5+ Be6 39. Bh7 Kd6 40.
Bd3 Rg7 41. g6 Kc5 42. Ke3 Kd6 43. Kf4 Rg8 44. Ra7 Bd7 45. Kg5 c5 46. Bf5 Bxf5
47. Kxf5 Rf8+ 48. Kg5 Rf2 49. Rb7 Rxc2 50. Rxb6+ Ke5 51. g7 Rg2+ 52. Kh6 Rh2+
53. Kg6 1/2-1/2

[Event "BC op"]
[Site "Richmond"]
[Date "2020.02.15"]
[Round "1.5"]
[White "Nyamdorj, Davaa-Ochir"]
[Black "Hora, Daryl"]
[Result "1-0"]
[WhiteElo "2306"]
[BlackElo "1919"]
[PlyCount "133"]
[EventDate "2020.02.15"]
[EventType "swiss"]
[EventCountry "CAN"]

{[%evp 0,40,16,28,97,43,53,47,68,68,88,66,80,63,78,64,33,31,31,10,-5,18,56,31,
73,34,134,59,83,84,75,75,75,75,89,48,78,78,78,72,72,46,74]} 1. e4 c5 2. Nf3 Nc6
3. Bb5 a6 4. Bxc6 bxc6 5. O-O d5 6. Re1 e6 7. Nc3 Nf6 8. d3 Be7 9. Nd2 Qc7 10.
Nb3 O-O 11. Bg5 Rd8 12. Qe2 a5 13. e5 Ne8 14. Bxe7 Qxe7 15. Na4 c4 16. dxc4 Ba6
17. Nxa5 Qb4 18. Nxc6 Qxa4 19. Nxd8 Rxd8 20. b3 Qa5 21. Rad1 dxc4 22. b4 Qb6
23. Rxd8 Qxd8 24. Rd1 Qe7 25. Qd2 Bb5 26. c3 Kf8 27. Qc2 Qg5 28. Qe4 g6 29. Qd4
Kg7 30. Qc5 Ba4 31. Rf1 Qf4 32. b5 Qe4 33. b6 Qb7 34. Rb1 Bc6 35. f3 Nc7 36.
Qxc4 Nd5 37. Qd4 Qa6 38. c4 Ne7 39. b7 Bxb7 40. Qb6 Bc8 41. Qxa6 Bxa6 42. c5
Nd5 43. c6 Kf8 44. a4 Ke7 45. Rb7+ Ke8 46. Ra7 Bc8 47. a5 Ne7 48. a6 Nxc6 49.
Rc7 Bxa6 50. Rxc6 Bb7 51. Rc7 Bd5 52. Kf2 Kf8 53. g4 g5 54. Kg3 Kg7 55. Rd7 Bb3
56. f4 gxf4+ 57. Kxf4 h6 58. h4 Bc2 59. h5 Ba4 60. Rd4 Bc2 61. g5 Bf5 62. Rd7
hxg5+ 63. Kxg5 Be4 64. h6+ Kg8 65. Kf6 Bg6 66. Rxf7 Bf5 67. Re7 1-0

[Event "BC op"]
[Site "Richmond"]
[Date "2020.02.15"]
[Round "1.6"]
[White "James, Rowan"]
[Black "Cortes Orihuela, Javier"]
[Result "1-0"]
[WhiteElo "1918"]
[BlackElo "2282"]
[PlyCount "133"]
[EventDate "2020.02.15"]
[EventType "swiss"]
[EventCountry "CAN"]

1. e4 e5 2. Nf3 Nc6 3. Nc3 Nf6 4. a3 d5 5. Bb5 d4 6. Ne2 Nxe4 7. d3 Nd6 8.
Bxc6+ bxc6 9. Nxe5 Nf5 10. O-O Bd6 11. Nxc6 Qf6 12. Nb4 Bb7 13. Ng3 O-O 14. Qg4
Nxg3 15. fxg3 Qe7 16. Bg5 f6 17. Rae1 Qd8 18. Qe6+ Kh8 19. Bf4 Bxf4 20. gxf4
Re8 21. Qxe8+ Qxe8 22. Rxe8+ Rxe8 23. Kf2 a5 24. Na2 Bd5 25. Nc1 Rb8 26. b3 a4
27. b4 c5 28. bxc5 Rb2 29. Ne2 Ra2 30. Nxd4 Rxa3 31. c6 Rc3 32. Ra1 Bxc6 33.
Nxc6 Rxc2+ 34. Kf3 Rxc6 35. Rxa4 h6 36. Ra2 f5 37. Rd2 Kg8 38. Ke3 Rd6 39. d4
Re6+ 40. Kd3 Kf7 41. Kc4 Re4 42. g3 Ke6 43. Kc5 Re1 44. d5+ Kd7 45. d6 g6 46.
Ra2 Rc1+ 47. Kd5 Rd1+ 48. Ke5 Re1+ 49. Kf6 Re6+ 50. Kg7 g5 51. Ra7+ Kd8 52. Ra5
gxf4 53. gxf4 Re2 54. h4 Rh2 55. Kxh6 Rxh4+ 56. Kg5 Rh1 57. Rxf5 Rd1 58. Rf6
Kd7 59. Kg6 Rg1+ 60. Kf7 Rg4 61. f5 Rg5 62. Kf8 Rg4 63. Rg6 Rf4 64. f6 Kxd6 65.
f7+ Kd7 66. Kg8 Ke7 67. Rg7 1-0

[Event "BC op"]
[Site "Richmond"]
[Date "2020.02.15"]
[Round "1.7"]
[White "MacKinnon, Keith"]
[Black "Yang, Brian"]
[Result "1-0"]
[WhiteElo "2265"]
[BlackElo "1914"]
[PlyCount "81"]
[EventDate "2020.02.15"]
[EventType "swiss"]
[EventCountry "CAN"]

1. c4 c5 2. Nc3 Nc6 3. g3 g6 4. Bg2 Bg7 5. e3 e6 6. Nge2 Nge7 7. d4 cxd4 8.
exd4 d5 9. cxd5 Nxd5 10. O-O Nxc3 11. bxc3 O-O 12. Rb1 Na5 13. Qd3 Bd7 14. Ba3
Re8 15. c4 e5 16. Bd5 Rc8 17. Rbc1 exd4 18. Nxd4 a6 19. Rfd1 Nc6 20. Nf3 Bf5
21. Qb3 Qf6 22. Qxb7 Bg4 23. Rd3 Re2 24. Re1 Nd8 25. Qb1 Rxe1+ 26. Qxe1 Ne6 27.
Rb3 h5 28. Bb2 Qd8 29. Ne5 Bf5 30. Rb7 Rc7 31. Nc6 Rxb7 32. Nxd8 Rxb2 33. Nxe6
Rb1 34. Qxb1 Bxb1 35. Nxg7 Kxg7 36. c5 Kf6 37. f4 Ke7 38. Kf2 f6 39. Ke3 Kd7
40. a3 Kc7 41. Be4 1-0

[Event "BC op"]
[Site "Richmond"]
[Date "2020.02.15"]
[Round "1.8"]
[White "Pitre, H. G.."]
[Black "Kenney, Jason"]
[Result "0-1"]
[WhiteElo "1889"]
[BlackElo "2257"]
[PlyCount "60"]
[EventDate "2020.02.15"]
[EventType "swiss"]
[EventCountry "CAN"]

1. e4 c5 2. b4 cxb4 3. Bb2 d5 4. exd5 Qxd5 5. Nf3 Nf6 6. a3 e6 7. axb4 Bxb4 8.
Nc3 Qd8 9. Bd3 Nbd7 10. O-O O-O 11. Ra4 a5 12. Na2 Nc5 13. Rxb4 axb4 14. Nxb4
Ra4 15. Bc3 Nce4 16. Qe1 Nxc3 17. dxc3 Bd7 18. Ne5 Qc7 19. f4 Rc8 20. Rf3 Rca8
21. Kf2 R8a5 22. h3 Qc5+ 23. Kg3 Ra1 24. Qd2 Be8 25. Qe2 Nh5+ 26. Kg4 f5+ 27.
Bxf5 exf5+ 28. Kxf5 Bd7+ 29. Ke4 Nf6+ 30. Kd3 Bb5+ 0-1

[Event "BC op"]
[Site "Richmond"]
[Date "2020.02.15"]
[Round "1.9"]
[White "Hemstapat, Andrew"]
[Black "Wu, Nathan Ping-Ying"]
[Result "1-0"]
[WhiteElo "2253"]
[BlackElo "1883"]
[PlyCount "71"]
[EventDate "2020.02.15"]
[EventType "swiss"]
[EventCountry "CAN"]

1. e4 d5 2. exd5 Qxd5 3. Nc3 Qd6 4. d4 c6 5. Bc4 Nf6 6. Nf3 Bg4 7. Be3 e6 8. h3
Bh5 9. g4 Bg6 10. Ne5 Nbd7 11. Nxg6 hxg6 12. Qe2 Qc7 13. g5 Nd5 14. Ne4 Nxe3
15. fxe3 Bd6 16. O-O-O O-O-O 17. Rdf1 Rdf8 18. Qg4 Kb8 19. Rf3 Nb6 20. Bb3 Nd5
21. Rhf1 Bh2 22. c4 Nb6 23. Qg2 c5 24. Kb1 Bd6 25. a3 Rh4 26. Nxd6 Qxd6 27.
Rxf7 Rxf7 28. Rxf7 Qc6 29. Qg3+ Ka8 30. Rf8+ Nc8 31. Qxh4 Qh1+ 32. Ka2 Qc6 33.
Qh8 Kb8 34. Qxg7 cxd4 35. exd4 a5 36. Qe5+ 1-0

[Event "BC op"]
[Site "Richmond"]
[Date "2020.02.15"]
[Round "1.10"]
[White "Landre, Geraldo Barbosa"]
[Black "Nunez Asencio, Jorge"]
[Result "0-1"]
[WhiteElo "1862"]
[BlackElo "2235"]
[PlyCount "68"]
[EventDate "2020.02.15"]
[EventType "swiss"]
[EventCountry "CAN"]

1. d4 d5 2. c4 dxc4 3. e3 Nf6 4. Bxc4 e6 5. Nf3 a6 6. O-O Nbd7 7. Nc3 b5 8. Bd3
Bb7 9. a3 c5 10. dxc5 Nxc5 11. Be2 Qb8 12. b4 Ncd7 13. Bb2 Bd6 14. h3 O-O 15.
Qb3 Rd8 16. Rfd1 Nf8 17. Rd4 e5 18. Rdd1 Ne6 19. Rac1 e4 20. Nd4 Nxd4 21. Rxd4
Bh2+ 22. Kf1 Rxd4 23. exd4 e3 24. f3 Qf4 25. Rc2 Re8 26. Bd3 Bxf3 27. Ne2 Bxe2+
28. Kxe2 Qf2+ 29. Kd1 Qg1+ 30. Ke2 Qxg2+ 31. Kd1 Qg1+ 32. Ke2 Qg2+ 33. Kd1 Qh1+
34. Ke2 Nd5 0-1

[Event "BC op"]
[Site "Richmond"]
[Date "2020.02.15"]
[Round "2.1"]
[White "Moura, Eduardo"]
[Black "Morozov, Grigorii"]
[Result "1/2-1/2"]
[WhiteElo "2143"]
[BlackElo "2423"]
[PlyCount "57"]
[EventDate "2020.02.15"]
[EventType "swiss"]
[EventCountry "CAN"]

1. e4 e6 2. d4 d5 3. Nd2 c5 4. c3 Nc6 5. Ngf3 Nf6 6. Bd3 cxd4 7. cxd4 Qb6 8.
O-O Nxd4 9. Nxd4 Qxd4 10. Nf3 Qb6 11. e5 Nd7 12. Qa4 Be7 13. a3 O-O 14. Be3 Qd8
15. Rac1 f6 16. Qh4 f5 17. Qg3 Kh8 18. Bg5 Nxe5 19. Qxe5 Bxg5 20. Nxg5 Qxg5 21.
Rc7 Qf6 22. f4 Kg8 23. Rfc1 a6 24. a4 Re8 25. a5 Qf8 26. h4 Rd8 27. R1c3 Kh8
28. g4 Re8 29. g5 1/2-1/2

[Event "BC op"]
[Site "Richmond"]
[Date "2020.02.15"]
[Round "2.3"]
[White "Amerkeshev, Madiyar"]
[Black "Sohal, Tanraj S."]
[Result "1/2-1/2"]
[WhiteElo "2089"]
[BlackElo "2339"]
[PlyCount "32"]
[EventDate "2020.02.15"]
[EventType "swiss"]
[EventCountry "CAN"]

1. d4 Nf6 2. Bf4 e6 3. e3 b6 4. Nf3 Be7 5. h3 Bb7 6. Be2 c5 7. c3 cxd4 8. cxd4
O-O 9. O-O d6 10. Nc3 a6 11. Re1 Nbd7 12. Bd3 b5 13. a3 Re8 14. e4 Nf8 15. Bh2
Ng6 16. Qd2 Bf8 1/2-1/2

[Event "BC op"]
[Site "Richmond"]
[Date "2020.02.15"]
[Round "2.4"]
[White "Brown, Gabriel"]
[Black "Nyamdorj, Davaa-Ochir"]
[Result "0-1"]
[WhiteElo "2061"]
[BlackElo "2306"]
[PlyCount "92"]
[EventDate "2020.02.15"]
[EventType "swiss"]
[EventCountry "CAN"]

1. c4 Nf6 2. Nc3 e5 3. g3 d5 4. cxd5 Nxd5 5. Bg2 Nb6 6. Nf3 Nc6 7. O-O Be7 8.
a3 O-O 9. b4 Re8 10. d3 Bf8 11. Be3 a5 12. Bxb6 cxb6 13. b5 Nd4 14. Nd2 Bg4 15.
h3 Be6 16. a4 Bb4 17. Nce4 Rc8 18. Nc4 Bxc4 19. dxc4 f5 20. Nd2 Bxd2 21. Bd5+
Kh8 22. e3 Ne6 23. Qxd2 Ng5 24. Kg2 Rxc4 25. Rfd1 Rd4 26. Qa2 Rxd1 27. Rxd1 f4
28. Qc2 Qf6 29. h4 Ne6 30. Bxe6 Qxe6 31. Qe4 fxe3 32. Qxe3 e4 33. Rd2 h6 34. f3
Qc4 35. fxe4 Qxa4 36. Qxb6 Qxe4+ 37. Kh2 a4 38. Rd8 Rxd8 39. Qxd8+ Kh7 40. Qa8
Qe2+ 41. Kh3 Qf1+ 42. Kh2 Qxb5 43. Qf8 Qe2+ 44. Kh3 Qe6+ 45. Kh2 b5 46. Kg2
Qe4+ 0-1

[Event "BC op"]
[Site "Richmond"]
[Date "2020.02.15"]
[Round "2.5"]
[White "Roback, Joe"]
[Black "MacKinnon, Keith"]
[Result "1-0"]
[WhiteElo "1999"]
[BlackElo "2265"]
[PlyCount "77"]
[EventDate "2020.02.15"]
[EventType "swiss"]
[EventCountry "CAN"]

1. e4 c5 2. Nf3 e6 3. d4 cxd4 4. Nxd4 a6 5. Bd3 Nf6 6. Qe2 d6 7. c4 Qc7 8. O-O
Nbd7 9. f4 h5 10. Nc3 Qb6 11. Kh1 Ng4 12. Nf3 Qc7 13. Bd2 b6 14. Rae1 Be7 15.
Nd4 Bb7 16. Nd5 Qd8 17. Nxe7 Qxe7 18. Bb4 O-O-O 19. Rd1 Nc5 20. Bc2 Kb8 21. Rd2
g6 22. Rfd1 e5 23. fxe5 Qxe5 24. Nf3 Qxb2 25. Rb1 Qf6 26. Ba3 Kc7 27. Bb2 Ne5
28. Rxd6 Kxd6 29. Bxe5+ Qxe5 30. Nxe5 Kxe5 31. Rxb6 Bxe4 32. Qe3 Nd3 33. Rxa6
Rhe8 34. h4 f5 35. Kh2 f4 36. Qb6 Bf5 37. Ba4 Rf8 38. Ra5+ Ke4 39. Bc6+ 1-0

[Event "BC op"]
[Site "Richmond"]
[Date "2020.02.15"]
[Round "2.6"]
[White "Kenney, Jason"]
[Black "Shinn, Jungmin"]
[Result "1-0"]
[WhiteElo "2257"]
[BlackElo "1972"]
[PlyCount "87"]
[EventDate "2020.02.15"]
[EventType "swiss"]
[EventCountry "CAN"]

1. d4 e6 2. e4 d5 3. Nc3 Nf6 4. e5 Nfd7 5. f4 c5 6. Nf3 Nc6 7. Be3 Be7 8. Be2
O-O 9. dxc5 Bxc5 10. Bxc5 Nxc5 11. a3 Qb6 12. b4 Ne4 13. Nxe4 dxe4 14. Ng5 Rd8
15. Qc1 Nd4 16. Nxe4 Nxe2 17. Kxe2 Qc6 18. Ke3 b6 19. c3 Bb7 20. Qc2 Qxe4+ 21.
Qxe4 Bxe4 22. Kxe4 Rd2 23. Rhd1 Rxg2 24. c4 Rc8 25. Rac1 Re2+ 26. Kd4 Ra2 27.
c5 bxc5+ 28. bxc5 Kf8 29. c6 Rxa3 30. Kc5 Ra6 31. Kd6 Ke8 32. Rg1 Ra5 33. c7 g6
34. Kc6 Ra4 35. Kb7 Rxc7+ 36. Rxc7 Rxf4 37. Rc8+ Ke7 38. Rgc1 Rd4 39. R1c7+ Rd7
40. Kc6 Rxc7+ 41. Rxc7+ Kf8 42. Rxa7 Kg7 43. Kd7 g5 44. Ke8 1-0

[Event "BC op"]
[Site "Richmond"]
[Date "2020.02.15"]
[Round "2.7"]
[White "Lehingrat, Callum"]
[Black "Hemstapat, Andrew"]
[Result "1-0"]
[WhiteElo "1988"]
[BlackElo "2253"]
[PlyCount "57"]
[EventDate "2020.02.15"]
[EventType "swiss"]
[EventCountry "CAN"]

1. d4 Nf6 2. c4 g6 3. Nc3 Bg7 4. e4 d6 5. Nf3 O-O 6. Be2 e5 7. O-O Nc6 8. d5
Ne7 9. Ne1 Nd7 10. Nd3 f5 11. Bd2 Nf6 12. f3 f4 13. Rc1 g5 14. c5 Ng6 15. Nb5
Rf7 16. Ba5 b6 17. cxd6 cxd6 18. Be1 a6 19. Nc3 a5 20. Nb5 Ne8 21. a4 h5 22.
Bf2 Bd7 23. b3 Bf8 24. Nb2 Rg7 25. Rc6 Rb8 26. Nc4 Bxc6 27. dxc6 Ne7 28. Ncxd6
Nxd6 29. c7 1-0

[Event "BC op"]
[Site "Richmond"]
[Date "2020.02.15"]
[Round "2.8"]
[White "Nunez Asencio, Jorge"]
[Black "James, Rowan"]
[Result "1-0"]
[WhiteElo "2235"]
[BlackElo "1918"]
[PlyCount "93"]
[EventDate "2020.02.15"]
[EventType "swiss"]
[EventCountry "CAN"]

1. d4 d5 2. Nf3 Nf6 3. c4 e6 4. Nc3 Be7 5. Bf4 O-O 6. e3 a6 7. c5 b6 8. b4 Nc6
9. a3 Ne4 10. Qc2 bxc5 11. bxc5 f5 12. h3 Bf6 13. Be2 Qe7 14. Rb1 g5 15. Bh2
Qg7 16. g4 Nxc3 17. Qxc3 fxg4 18. hxg4 Re8 19. Be5 Bxe5 20. dxe5 Bd7 21. Rh5 h6
22. Kd2 Rf8 23. Rbh1 Rxf3 24. Bxf3 Nxe5 25. Be2 Rb8 26. Rc1 Rb2+ 27. Rc2 Rxc2+
28. Kxc2 Bb5 29. Bxb5 axb5 30. Kb3 c6 31. f4 Nxg4 32. Qxg7+ Kxg7 33. fxg5 Kg6
34. gxh6 Nxh6 35. Rh3 Nf5 36. Kb4 d4 37. e4 Ne7 38. Rf3 e5 39. Ka5 Kg5 40. Kb6
Kg4 41. Rf7 Ng6 42. Kxc6 d3 43. Rd7 Nf4 44. Kxb5 Kf3 45. c6 Ne6 46. Rxd3+ Kxe4
47. Rd6 1-0

[Event "BC op"]
[Site "Richmond"]
[Date "2020.02.15"]
[Round "2.9"]
[White "Gu, Chuyang"]
[Black "Mohammed Qanee, Arpak Worya"]
[Result "0-1"]
[WhiteElo "1790"]
[BlackElo "2218"]
[PlyCount "98"]
[EventDate "2020.02.15"]
[EventType "swiss"]
[EventCountry "CAN"]

1. e4 e5 2. Nf3 Nc6 3. Bb5 a6 4. Ba4 Nf6 5. O-O b5 6. Bb3 Be7 7. Re1 d6 8. c3
O-O 9. h3 Na5 10. Bc2 c5 11. d4 Qc7 12. Nbd2 cxd4 13. cxd4 Bb7 14. Nf1 Rac8 15.
Bd3 Nc6 16. d5 Nb4 17. Bg5 Nxd3 18. Qxd3 Qc2 19. Qxc2 Rxc2 20. Rac1 Rfc8 21.
Ng3 g6 22. Rxc2 Rxc2 23. Rc1 Rxc1+ 24. Bxc1 Nd7 25. Nh2 f5 26. f3 Bd8 27. b3
Bb6+ 28. Kf1 f4 29. Ne2 b4 30. Ng4 a5 31. Nf2 Ba6 32. Bd2 Kf7 33. Ke1 g5 34.
Ng4 Kg8 35. Nf2 Nc5 36. Kf1 h5 37. Be1 Nd7 38. Bd2 Nf6 39. Ke1 g4 40. hxg4 hxg4
41. Nc1 g3 42. Nfd3 Kf7 43. Ke2 Ke7 44. Be1 Nd7 45. Bd2 Bf2 46. Be1 Nc5 47. Bd2
Kd7 48. a4 bxa3 49. Bc3 Be3 0-1

[Event "BC op"]
[Site "Richmond"]
[Date "2020.02.15"]
[Round "2.10"]
[White "Sali, Zulfikar"]
[Black "Wu, Charles"]
[Result "1-0"]
[WhiteElo "2327"]
[BlackElo "1891"]
[PlyCount "65"]
[EventDate "2020.02.15"]
[EventType "swiss"]
[EventCountry "CAN"]

1. e4 d5 2. exd5 Qxd5 3. Nc3 Qd6 4. d4 c6 5. g3 Nf6 6. Bg2 Bg4 7. Nge2 e6 8.
O-O Qc7 9. h3 Bxe2 10. Qxe2 Bd6 11. Ne4 Nxe4 12. Qxe4 O-O 13. c4 Nd7 14. Rd1
Nf6 15. Qe2 Rfe8 16. Bg5 Nd7 17. Qg4 Be7 18. Bf4 Bd6 19. Be3 Nf6 20. Qf3 Qa5
21. g4 h6 22. Bxh6 gxh6 23. Qxf6 Qg5 24. Qf3 Qf4 25. Qb3 Rab8 26. Rd3 e5 27.
Rf3 Qxd4 28. c5 Bxc5 29. Qxf7+ Kh8 30. Rf6 Qd2 31. Rg6 Rg8 32. Rxg8+ Rxg8 33.
Be4 1-0

[Event "BC op"]
[Site "Richmond"]
[Date "2020.02.16"]
[Round "3.1"]
[White "Nyamdorj, Davaa-Ochir"]
[Black "Roback, Joe"]
[Result "1-0"]
[WhiteElo "2306"]
[BlackElo "1999"]
[PlyCount "49"]
[EventDate "2020.02.15"]
[EventType "swiss"]
[EventCountry "CAN"]

1. e4 c5 2. Nf3 e6 3. d4 cxd4 4. Nxd4 Nc6 5. Nc3 Qc7 6. Be3 a6 7. f4 b5 8. Nb3
Nf6 9. Bd3 Bb7 10. a3 d6 11. O-O Be7 12. Qf3 b4 13. axb4 Nxb4 14. Na5 d5 15.
Nxb7 Qxb7 16. exd5 exd5 17. Bd4 O-O 18. Rfe1 Rfc8 19. Kh1 Re8 20. Re2 Qd7 21.
Rae1 Bd8 22. Rxe8+ Nxe8 23. Qh3 f5 24. Bxf5 Qc6 25. Rxe8+ 1-0

[Event "BC op"]
[Site "Richmond"]
[Date "2020.02.16"]
[Round "3.2"]
[White "Mohammed Qanee, Arpak Worya"]
[Black "Kenney, Jason"]
[Result "1-0"]
[WhiteElo "2218"]
[BlackElo "2257"]
[PlyCount "61"]
[EventDate "2020.02.15"]
[EventType "swiss"]
[EventCountry "CAN"]

1. Nf3 d5 2. c4 e6 3. d4 Nf6 4. Nc3 dxc4 5. e3 a6 6. Bxc4 b5 7. Be2 Bb7 8. O-O
Nbd7 9. Bd2 c5 10. a4 b4 11. Na2 cxd4 12. exd4 Nd5 13. Nc1 Be7 14. Nd3 O-O 15.
a5 Qb8 16. Qa4 Rc8 17. Rac1 Qd6 18. Nfe5 Nxe5 19. dxe5 Qd8 20. Bf3 Nc3 21. Bxc3
Bxf3 22. Nxb4 Bxb4 23. Qxb4 Qg5 24. g3 Qh5 25. h4 Be2 26. Rfe1 Rc4 27. Qe7 Qf3
28. Rc2 Bd3 29. Rd2 Rg4 30. Kh2 g5 31. Re3 1-0

[Event "BC op"]
[Site "Richmond"]
[Date "2020.02.16"]
[Round "3.3"]
[White "Lehingrat, Callum"]
[Black "Nunez Asencio, Jorge"]
[Result "0-1"]
[WhiteElo "1988"]
[BlackElo "2235"]
[PlyCount "92"]
[EventDate "2020.02.15"]
[EventType "swiss"]
[EventCountry "CAN"]

1. Nf3 d5 2. c4 c6 3. d4 Nf6 4. Nc3 a6 5. g3 Bf5 6. Bg2 e6 7. O-O h6 8. Ne5
Nbd7 9. Qb3 Ra7 10. Re1 Be7 11. cxd5 cxd5 12. e4 dxe4 13. Nxe4 Nxe4 14. Bxe4
Bxe4 15. Rxe4 Nf6 16. Re2 O-O 17. Be3 Qd5 18. Qd3 Raa8 19. a3 Rfd8 20. Rd1 Rac8
21. f3 Bd6 22. Bf2 Bxe5 23. Rxe5 Qc4 24. Qxc4 Rxc4 25. Rde1 Rdc8 26. g4 Nd5 27.
R5e4 Rc2 28. R1e2 Rxe2 29. Rxe2 Nf4 30. Re1 Rc2 31. Bg3 Ne2+ 32. Kf2 Nxg3+ 33.
Kxg3 Rxb2 34. Re3 Rd2 35. Rb3 b5 36. Rb4 Ra2 37. Rb3 Kf8 38. Kf4 Rxh2 39. a4
bxa4 40. Ra3 Rb2 41. Rxa4 Rb6 42. Rc4 Ke7 43. Rc7+ Kf6 44. Ra7 Rb4 45. Ke4 Ra4
46. Ra8 e5 0-1

[Event "BC op"]
[Site "Richmond"]
[Date "2020.02.16"]
[Round "3.4"]
[White "Morozov, Grigorii"]
[Black "Amerkeshev, Madiyar"]
[Result "1-0"]
[WhiteElo "2423"]
[BlackElo "2089"]
[PlyCount "129"]
[EventDate "2020.02.15"]
[EventType "swiss"]
[EventCountry "CAN"]

1. d4 g6 2. Nf3 Bg7 3. g3 d6 4. Bg2 e5 5. dxe5 dxe5 6. Qxd8+ Kxd8 7. e4 f6 8.
b3 Nh6 9. Nbd2 Nc6 10. c3 Nf7 11. Bb2 Be6 12. O-O-O Kc8 13. Kc2 a5 14. a4 Rd8
15. Ne1 b6 16. h4 h5 17. Bh3 Bxh3 18. Rxh3 Kb7 19. Nd3 Re8 20. Nc4 Rad8 21. f3
Nd6 22. Nxd6+ Rxd6 23. Ba3 Rdd8 24. g4 Rh8 25. Rg1 Rd7 26. gxh5 gxh5 27. Rhg3
Bf8 28. Bc1 Bh6 29. Rg8 Rxg8 30. Rxg8 Bxc1 31. Nxc1 Rf7 32. Ne2 f5 33. Rg5 fxe4
34. fxe4 Rf2 35. Kd3 Rh2 36. Rxh5 Rh3+ 37. Kd2 Rh2 38. Ke3 Ne7 39. Rh6 Nc8 40.
Rh5 Rh3+ 41. Kf2 Nd6 42. Ng3 Rh2+ 43. Kf3 Rb2 44. Rxe5 Rxb3 45. h5 Rxc3+ 46.
Kf4 b5 47. h6 bxa4 48. h7 Nf7 49. Rxa5 a3 50. e5 Rc6 51. Ne4 Rh6 52. Nf6 Rh4+
53. Kg3 Rh6 54. Kf4 Rh4+ 55. Kf5 Rh3 56. e6 Nd6+ 57. Kg4 Rh6 58. Kg5 Rh2 59.
Nh5 Ne4+ 60. Kf4 Rh4+ 61. Ke3 Nd6 62. h8=Q Nc4+ 63. Kf3 Nxa5 64. e7 Nc6 65.
e8=Q 1-0

[Event "BC op"]
[Site "Richmond"]
[Date "2020.02.16"]
[Round "3.5"]
[White "Sohal, Tanraj S."]
[Black "Cheng, Louis"]
[Result "1-0"]
[WhiteElo "2339"]
[BlackElo "1921"]
[PlyCount "80"]
[EventDate "2020.02.15"]
[EventType "swiss"]
[EventCountry "CAN"]

1. d4 Nf6 2. c4 e6 3. Nf3 b6 4. g3 Bb7 5. Bg2 Bb4+ 6. Nbd2 c5 7. a3 Bxd2+ 8.
Qxd2 O-O 9. O-O Qc8 10. dxc5 bxc5 11. b3 d5 12. Bb2 Ne4 13. Qc2 Nd7 14. Rac1
Rb8 15. Ne5 f6 16. Nxd7 Qxd7 17. cxd5 exd5 18. f3 Ng5 19. Qxc5 Ba6 20. h4 Rxb3
21. hxg5 Rxb2 22. f4 Rb5 23. Qc6 Qxc6 24. Rxc6 Bb7 25. Rc7 fxg5 26. a4 Rb2 27.
Rxb7 Rxb7 28. Bxd5+ Rff7 29. fxg5 Rbd7 30. Rxf7 Rxf7 31. Kg2 Kf8 32. Bxf7 Kxf7
33. Kf3 Ke6 34. Ke4 g6 35. g4 Kd6 36. Kd4 Ke6 37. e4 Kd6 38. e5+ Ke6 39. Ke4
Kd7 40. Kd5 Ke7 1-0

[Event "BC op"]
[Site "Richmond"]
[Date "2020.02.16"]
[Round "3.6"]
[White "Verdon, Norman"]
[Black "Sali, Zulfikar"]
[Result "0-1"]
[WhiteElo "2073"]
[BlackElo "2327"]
[PlyCount "134"]
[EventDate "2020.02.15"]
[EventType "swiss"]
[EventCountry "CAN"]

1. d4 Nf6 2. c4 g6 3. Nc3 Bg7 4. e4 O-O 5. e5 Ne8 6. f4 d6 7. Nf3 c5 8. dxc5
Nc6 9. Be3 Bg4 10. exd6 exd6 11. Be2 Bxc3+ 12. bxc3 Qe7 13. Bf2 Bxf3 14. gxf3
dxc5 15. Qd5 Qf6 16. Bxc5 Qxc3+ 17. Kf2 Rd8 18. Qg5 f6 19. Qh6 Rf7 20. Rhd1 Qa5
21. Be3 Ng7 22. Rxd8+ Qxd8 23. Rd1 Qe8 24. Bd3 Rd7 25. f5 Nxf5 26. Bxf5 Rxd1
27. Be4 Ne5 28. Bc2 Rd8 29. c5 Nf7 30. Bb3 Rd3 31. Qf4 Kg7 32. Ke2 g5 33. Qe4
Qxe4 34. fxe4 Rd8 35. Bd5 Rd7 36. a4 Ne5 37. a5 a6 38. Bd4 Rc7 39. h3 Kf8 40.
Ke3 Ke7 41. Ke2 h5 42. Ke3 h4 43. Ke2 Nd7 44. Kf3 Nxc5 45. Kg4 Nd7 46. Kf5 Ne5
47. Bb2 Nd7 48. Ba3+ Kd8 49. Bd6 Rc3 50. Bxb7 Rxh3 51. Bxa6 Rc3 52. Be2 Rc2 53.
Bg4 Ra2 54. Bb4 Ra4 55. Be1 Ke7 56. Bd1 Ra1 57. Bb4+ Kd8 58. Bg4 Ne5 59. Bh3 g4
60. Bxg4 Rf1+ 61. Bf3 Rxf3+ 62. Ke6 Nc6 63. Bc5 Kc7 64. a6 h3 65. Bg1 Rf1 66.
Bc5 Ne5 67. a7 Kb7 0-1